[Event "AUTO-ELITE-2588"]
[Site "http://www.queenalice.com/game.php?id=1859285"]
[Date "2025.7.3"]
[Round "1"]
[White "Diemerlin"]
[Black "acid"]
[Result "0-1"]
[WhiteElo "2298"]
[BlackElo "2689"]

1. e4 e5 2. Nf3 Nf6 3. Nxe5 d6 4. Nxf7 Kxf7 5. d4 c5 6. dxc5 d5 7. e5 Ne4 8. Nc3
Nxc3 9. Qf3+ Ke8 10. Qxc3 Nc6 11. f4 d4 12. Qf3 Bxc5 13. Bd2 Be6 14. Bd3 g6 15.
a3 Rf8 16. h4 Nxe5 17. Bb5+ Ke7 18. Qxb7+ Nd7 19. f5 Rb8 20. Qa6 Rxf5 0-1

[Event "AUTO-ELITE-2588"]
[Site "http://www.queenalice.com/game.php?id=1859286"]
[Date "2025.7.3"]
[Round "1"]
[White "acid"]
[Black "Diemerlin"]
[Result "1-0"]
[WhiteElo "2694"]
[BlackElo "2314"]

1. Nf3 Nf6 2. c4 g6 3. Nc3 Bg7 4. e4 d6 5. d4 O-O 6. Be2 Na6 7. Bg5 h6 8. Be3 e5
9. O-O Qe8 10. d5 Ng4 11. Bd2 Nf6 12. Qb1 1-0

[Event "AUTO-ELITE-2593"]
[Site "http://www.queenalice.com/game.php?id=1861685"]
[Date "2025.8.17"]
[Round "1"]
[White "Sexxy_Bunny"]
[Black "Diemerlin"]
[Result "1-0"]
[WhiteElo "2641"]
[BlackElo "2297"]

1. e4 e5 2. Nf3 Nc6 3. Bb5 a6 4. Ba4 d6 5. O-O Bg4 6. h3 h5 7. d4 b5 8. Bb3 Nxd4
9. hxg4 hxg4 10. Ng5 Nh6 11. Bd5 c6 12. c3 cxd5 13. cxd4 Be7 14. Qd2 dxe4 15.
Nc3 Nf5 16. Ngxe4 Bf8 17. Qg5 Qxg5 18. Bxg5 Nxd4 19. Be3 f5 20. Ng3 f4 21. Bxd4
exd4 22. Nd5 fxg3 23. Nc7+ Kd7 24. Nxa8 Be7 25. Nb6+ Kc6 26. Nc8 Bg5 27. Rac1+
Bxc1 28. Rxc1+ Kd5 29. Ne7+ Ke4 30. fxg3 Rh5 31. Ng6 Ke3 32. Nf4 1-0

[Event "AUTO-ELITE-2595"]
[Site "http://www.queenalice.com/game.php?id=1863433"]
[Date "2025.9.27"]
[Round "1"]
[White "WoodpusherKid"]
[Black "Diemerlin"]
[Result "1-0"]
[WhiteElo "2556"]
[BlackElo "2257"]

1. c4 e5 2. g3 c6 3. d4 e4 4. Nc3 d5 5. a3 Be7 6. Bg2 f5 7. cxd5 cxd5 8. Nh3 Nc6
9. O-O Nf6 10. Bg5 Be6 11. e3 O-O 12. f3 Na5 13. Qe2 1-0

[Event "AUTO-MASTER-3289"]
[Site "http://www.queenalice.com/game.php?id=1866172"]
[Date "2025.11.26"]
[Round "1"]
[White "Diemerlin"]
[Black "BeatifulDevil56"]
[Result "1-0"]
[WhiteElo "2243"]
[BlackElo "2097"]

1. e4 e6 2. Nf3 d5 3. Nc3 dxe4 4. Nxe4 Nf6 5. Nxf6+ Qxf6 6. d4 Bd7 7. Bd3 h6 8.
Qe2 Be7 9. O-O Nc6 10. c3 a6 11. Re1 Bd6 12. Ne5 Bxe5 13. dxe5 Qh4 14. Qf3 Qe7
15. b4 O-O-O 16. a4 f6 17. Qe3 Nxe5 18. Qa7 Bc6 19. Bf1 Kd7 20. b5 Bd5 21. bxa6
bxa6 22. Ba3 1-0

[Event "AUTO-MASTER-3289"]
[Site "http://www.queenalice.com/game.php?id=1866174"]
[Date "2025.11.26"]
[Round "1"]
[White "Diemerlin"]
[Black "IranSilva"]
[Result "1-0"]
[WhiteElo "2229"]
[BlackElo "2209"]

1. e4 e5 2. Nf3 Nc6 3. d4 exd4 4. Bc4 Nf6 5. e5 d5 6. Bb5 Ne4 7. Nxd4 Bc5 8. Be3
Bd7 9. Bxc6 bxc6 10. Nd2 Ng5 11. O-O Bb6 12. f4 Ne6 13. c3 Nxd4 14. cxd4 O-O 15.
f5 Qe7 16. f6 gxf6 17. Rxf6 Qb4 18. Nb3 Rfe8 19. Qh5 Be6 20. Rh6 1-0

[Event "AUTO-MASTER-3289"]
[Site "http://www.queenalice.com/game.php?id=1866176"]
[Date "2025.11.26"]
[Round "1"]
[White "Diemerlin"]
[Black "chessman"]
[Result "1-0"]
[WhiteElo "2240"]
[BlackElo "1942"]

1. e4 e6 2. Nf3 d5 3. Nc3 dxe4 4. Nxe4 Nd7 5. d4 Ngf6 6. Bd3 Nxe4 7. Bxe4 Nf6 8.
Bg5 Be7 9. Bxf6 Bxf6 10. Qd3 h6 11. O-O-O O-O 12. h4 a6 13. g4 Be7 14. g5 f5 15.
gxf6 Bxf6 16. Rhg1 Qd6 17. Qe3 Bd7 18. Qxh6 Bc6 19. Qh7+ Kf7 20. Ne5+ Bxe5 21.
Qh5+ Ke7 22. dxe5 Qc5 23. Rxg7+ 1-0

[Event "AUTO-MASTER-3289"]
[Site "http://www.queenalice.com/game.php?id=1866177"]
[Date "2025.11.26"]
[Round "1"]
[White "chessman"]
[Black "Diemerlin"]
[Result "0-1"]
[WhiteElo "2077"]
[BlackElo "2225"]

1. e4 e5 2. Nf3 Nc6 3. Bc4 Nf6 4. d3 d5 5. exd5 Nxd5 6. O-O Bc5 7. Re1 O-O 8.
Nxe5 Qh4 9. Qe2 Nxe5 10. Bxd5 Ng4 0-1